| 000 | 00495nam a2200205Ia 4500 | ||
|---|---|---|---|
| 005 | 20260618140005.0 | ||
| 008 | 131103s9999 xx 000 0 und d | ||
| 040 | _aLoreto College | ||
| 041 | _aEnglish | ||
| 082 |
_a234 _bJOL |
||
| 100 | _aJoly, Eugene | ||
| 245 |
_aWhat is faith? _cEugene Joly |
||
| 260 |
_aLondon _bSheed & Oates _c1958 |
||
| 300 | _a144p. | ||
| 440 | _aFaith & fact Books; No.6 | ||
| 650 | _aChristianity | ||
| 651 | _aSalvation | ||
| 850 | _aLCLIB | ||
| 942 | _cBK | ||
| 999 |
_c25606 _d76085 |
||